00428nam a22001572 4500001001100000005001700011008004100028020001700069040001500086245005600101250001300157260003200170300001100202650005400213852000300267000002080020151217152222.0111017s xx 000 0 eng d a1907377297 : aKABUcKABU10aPreaching Job :btalk outlines for the book of job. a1st ed. aLondon :bGood Book,c2010. a48 p. 0aBible. O. T. JobxStudy and teaching.@00001813641